Drake songs-sudden death - Statistics

General Stats
  • This quiz has been taken 263 times
  • The average score is 11 of 15
Answers on the Grid
Answers color-coded by a green-red scale on the quiz's grid according to % correct below.
one dance
headlines
one last time
broken clocks
nonstop
lonely
in my feelings
not you too
end of it
on the radar freestyle
talk less
people watching
nights
hung up
jimmy cooks
knife talk
15 minutes
older
streets
get it together
I am
fair trade
gods plan
passionfruit
as I am
IDGAF
hotline bling
leave em alone
push ups
outside
 
Answer Stats
Answer % Correct
one dance
97%
headlines
91%
gods plan
82%
hotline bling
78%
in my feelings
78%
jimmy cooks
76%
passionfruit
76%
fair trade
74%
knife talk
74%
nonstop
74%
IDGAF
70%
not you too
66%
push ups
64%
on the radar freestyle
53%
get it together
42%
No matching quizzes found
Score Distribution
Percent of People with Each Score
Percentile by Number Answered
Your Score History
You have not taken this quiz